000 00630nam a2200205Ia 4500
003 GCL
008 140319s9999 xx 000 0 ara d
040 _aGCL /
_cGCL
082 0 4 _a811.009
_bس ح
100 1 _aسعد اسماعيل شلبى
245 1 0 _aابن حمد يسين الصقلى: شاعر /
_cسعد اسماعيل شلبى
260 _a[S.N] :
_bدار الفكر العربى
490 _a
650 0 4 _aالشعر العربى
650 0 4 _aالادب العربى
650 0 4 _aابن حمد ياسين الصقلى
650 0 4 _aتاريخ ونقد
650 0 4 _aالمجموعات
942 _2ddc
_cBK
999 _c32466
_d32466